| 000 | 00485 a2200133 4500 | ||
|---|---|---|---|
| 001 | 90566 | ||
| 082 | _aPR 976 | ||
| 090 |
_c42902 _d42902 |
||
| 100 | _aRizwan Younus; Abdul Sattar Chandio, advisors | ||
| 245 |
_aStructural analysis by finite element methods using eight-node quadratic quadrilateral iso parametric plane membrane element for thin isotropic plate _nG-28 |
||
| 260 |
_aKarachi _bNED University _c1988 |
||
| 300 |
_avi, 180 p. _bhand written |
||
| 500 | _aBE Project Reports | ||
| 942 |
_aCAE NUST _kPR 976 |
||
| 999 |
_c325639 _d325639 |
||